ARRUPE JESUIT UNIVERSITY

CORONAVIRUS -STOP THE SPREAD - CLEAN,DISINFECT,COVER

The Mashona and the Matabele, (Record no. 131669)

MARC details
000 -LEADER
fixed length control field 00307nam a22001097a 4500
008 - FIXED-LENGTH DATA ELEMENTS--GENERAL INFORMATION
fixed length control field 230313b |||||||| |||| 00| 0 eng d
050 ## - LIBRARY OF CONGRESS CALL NUMBER
Classification number DT955.B8 1950.
100 ## - MAIN ENTRY--PERSONAL NAME
Personal name Bullock,Charles
9 (RLIN) 40270
245 ## - TITLE STATEMENT
Title The Mashona and the Matabele,
Statement of responsibility, etc Harles, Bullock
300 ## - PHYSICAL DESCRIPTION
Extent v,
Other physical details 309p;
Dimensions 22cm.
942 ## - ADDED ENTRY ELEMENTS (KOHA)
Source of classification or shelving scheme Library of Congress Classification
Item type Monograph ( Printed materials)
Holdings
Withdrawn status Lost status Source of classification or shelving scheme Damaged status Not for loan Home library Current library Shelving location Date acquired Total Checkouts Full call number Barcode Date last seen Price effective from Koha item type
    Library of Congress Classification     ARRUPE LIBRARY ARRUPE LIBRARY Main Collection 13/03/2023   DT955.B8 1950. 46600007840 13/03/2023 13/03/2023 Monograph ( Printed materials)

 

Arrupe Library. PO Box MP320 Mt Pleasant, Harare, Zimbabwe
263 242 745411|librarian@aju.ac.zw